LEADER 00770nam0-22002771i-450- 001 990002574480403321 035 $a000257448 035 $aFED01000257448 035 $a(Aleph)000257448FED01 035 $a000257448 100 $a20000920d1960----km-y0itay50------ba 101 0 $aENG 200 1 $aComputer logic$fI. Flores. 210 $aEnglewood Cliffs$cPrentice Hall$d1960. 215 $axii, 453 p.$d24 cm 610 0 $aMetodi computazionali, Teoria generale della programmazione dei calcolatori 676 $a001 700 1$aFlores,$bIvan$025370 801 0$aIT$bUNINA$gRICA$2UNIMARC 901 $aBK 912 $a990002574480403321 952 $aMXXI-A-79$b018481$fMAS 959 $aMAS 996 $aComputer logic$9354078 997 $aUNINA DB $aING01 LEADER 00872oam 22003131 450 001 9910727301203321 005 20230510132017.0 035 $a(Uk-CbPIL)acta-Z000025238 035 $a(Uk-CbPIL)Z000025238 035 $a(CKB)5500000000176078 035 $a(EXLCZ)995500000000176078 100 $a20050321e20011737 uy | 101 0 $alat 135 $aur||||||||||| 200 00$aAug. III$b[electronic resource] 210 \1$aAnn Arbor, Michigan :$cProQuest LLC,$d2001. 215 $a1 online resource 606 \ $aChristian saints 615 \0$aChristian saints. 702 $aDu Sollier$b Jean-Baptiste$f1669-1740 702 $aPinius$b Joannes 702 $aCuperus$b Guilielmus 702 $aBoschius$b Petrus 801 0$bUK-CbPIL 801 1$bUK-CbPIL 906 $aBOOK 912 $a9910727301203321 996 $aAug. III$93381977 997 $aUNINA LEADER 01517nam 2200409z- 450 001 9910689469403321 005 20170107075735.0 035 $a(CKB)5860000000021110 035 $a(BIP)008680328 035 $a(EXLCZ)995860000000021110 100 $a20220406c2000uuuu -u- - 101 0 $aeng 200 10$aDevelopments in the Balkans $ehearings before the Committee on International Relations, House of Representatives, One Hundred Sixth Congress, second session, April 11 and July 19, 2000 215 $a1 online resource (iv, 153 p.) $cill 311 $a0-16-064795-9 517 $aDevelopments in the Balkans 606 $aPeacekeeping forces$zKosovo (Republic) 606 $aPolitical corruption$zBosnia and Herzegovina 606 $aBusiness enterprises$xCorrupt practices$zBosnia and Herzegovina 607 $aBalkan Peninsula$xPolitics and government$y1989- 607 $aUnited States$xArmed Forces$zKosovo (Republic) 607 $aBosnia and Herzegovina$xPolitics and government$y1992- 610 $aPolitical corruption 610 $aBusiness enterprises 610 $aBalkan peninsula 610 $aUnited States 610 $aBosnia and hercegovina 610 $aPolitical science 610 $aBusiness & economics 610 $aHistory 615 0$aPeacekeeping forces 615 0$aPolitical corruption 615 0$aBusiness enterprises$xCorrupt practices 906 $aBOOK 912 $a9910689469403321 996 $aDevelopments in the Balkans$93207844 997 $aUNINA